| 000 | 00804nam a2200229 i 4500 | ||
|---|---|---|---|
| 001 | 127320 | ||
| 003 | ES-MaACL | ||
| 005 | 20250815113044.0 | ||
| 007 | t| | ||
| 008 | 070214s1968 sp |||| | spa d | ||
| 100 | 1 |
_aRichards, John H. _996920 |
|
| 245 | 1 | 0 |
_aElementos de química orgánica / _cJohn H. Richards, Donald J. Cram, George S. Hammond ; traducción y adaptación, J.A. Alonso Folgueras, F. J. Aguilar Bartolomé. |
| 260 |
_aMadrid : _bEd. del Castillo, _c1968. |
||
| 300 |
_a476 p. : _bil. ; _c23 cm. |
||
| 650 | 7 |
_aQuímica orgánica _2embne _9136799 |
|
| 700 | 1 |
_aCram, Donald J. _941433 |
|
| 700 | 1 |
_aHammond, George S. _961682 |
|
| 700 | 1 |
_aAlonso Folgueras, J. A. _920313 |
|
| 700 | 1 |
_aAguilar Bartolomé, F. J. _918711 |
|
| 852 |
_aES-MaACL _jC-34569 |
||
| 999 |
_c127320 _d127320 |
||